|
|
|
|
| LEADER |
00000cam a2200000 i 4500 |
| 001 |
1/58392 |
| 008 |
020214s1998 gr | ||| |||| ||gre|| |
| 020 |
|
|
|a 9603170372
|
| 035 |
|
|
|l 10000323
|
| 040 |
|
|
|a GR-MY-UA
|b gre
|e aacr
|
| 041 |
0 |
|
|a gre
|
| 082 |
0 |
|
|a 302.23
|
| 100 |
1 |
|
|a Σαπουνάς, Αθανάσιος Δ.
|
| 245 |
1 |
3 |
|a Τα μέσα μαζικής ενημέρωσης και η αγωγή :
|b συμβολή στην ποιμαντική ψυχολογία /
|c Αθανασίου Δ. Σαπουνά
|
| 260 |
|
|
|a Θεσσαλονίκη :
|b Πήγασος,
|c 1998
|
| 300 |
|
|
|a 184 σ.
|
| 650 |
0 |
0 |
|a Mass media and children.
|
| 650 |
0 |
0 |
|a Mass media in education.
|
| 852 |
|
|
|a INST
|b RHODES
|e 20020214
|h 302.23 ΣΑΠ
|p 005400016690
|q 005400016690
|t BK
|y 0
|
| 901 |
|
|
|a BIBL4-2002-1
|
| 970 |
|
|
|a ΚΟΥΛΑΚΙΟΤΗ
|b ΛΙΤΣΑ
|z 2002/02/14
|